El segundo gobierno del FMLN empieza con buen pie /
En el texto se establece un recuento sobre el primer mes de mandato del presidente Salvador Sánchez Cerén, en El Salvador, como militante del FMLN; a partir de su discurso de toma presidencial y acciones realizadas. Se evidencia que si bien han sido mayores las intenciones que los hechos, pero en la...
Guardado en:
| Autor principal: | |
|---|---|
| Formato: | Texto |
| Lenguaje: | Spanish |
| Materias: | |
| Etiquetas: |
Agregar Etiqueta
Sin Etiquetas, Sea el primero en etiquetar este registro!
|
MARC
| LEADER | 00000 a a2200000 04500 | ||
|---|---|---|---|
| 001 | 48871 | ||
| 003 | cru CIDCACS/IIS | ||
| 005 | 20201010062538.0 | ||
| 007 | ta | ||
| 008 | 181009b nq ||||| |||| 00| 0 spa d | ||
| 999 | |c 34389 |d 34389 | ||
| 040 | |c cru CIDCACS/IIS | ||
| 100 | |a Freedman, Elaine | ||
| 245 | |a El segundo gobierno del FMLN empieza con buen pie / |c Elaine Freedman | ||
| 520 | |a En el texto se establece un recuento sobre el primer mes de mandato del presidente Salvador Sánchez Cerén, en El Salvador, como militante del FMLN; a partir de su discurso de toma presidencial y acciones realizadas. Se evidencia que si bien han sido mayores las intenciones que los hechos, pero en la práctica, el gobierno de Sánchez Cerén ha establecido discursos y acciones que calan en sus apoyos y callan a sus opositores: inserción a Petrocaribe, políticas de austeridad financiera, apertura comercial con países latinoamericanos y cercanía con la ciudadanía en rendición de cuentas, son la pauta marcada por parte de Sánchez Cerén, con la cual ha consolidado el apoyo popular. | ||
| 650 | 0 | |9 306 |a ELECCIONES | |
| 650 | 0 | |9 3757 |a PODER EJECUTIVO | |
| 650 | 0 | |9 3554 |a PRESIDENCIA | |
| 650 | 0 | |9 2585 |a JEFES DE ESTADO | |
| 650 | 0 | |9 954 |a DISCURSOS | |
| 650 | 4 | |9 3253 |a POLITICA GUBERNAMENTAL | |
| 650 | 0 | |9 4911 |a GOBIERNO | |
| 650 | 4 | |9 3207 |a PARTICIPACION POLITICA | |
| 650 | 0 | |a FRENTE FARABUNDO MARTI PARA LA LIBERACION NACIONAL, FMLN (EL SALVADOR) |9 6846 | |
| 651 | 4 | |9 1928 |a EL SALVADOR | |
| 773 | |g volumen33, número388, (2014), páginas 39-45 | ||
| 942 | |2 ddc |c PP | ||
